Rolling Stone's 50 Greatest Metal Songs of All Time - Statistics

General Stats
  • This quiz has been taken 29 times
  • The average score is 26 of 50
Answer Stats
Band Song % Correct
30 Metallica Enter Sandman
93%
13 Black Sabbath Paranoid
93%
17 AC/DC Back in Black
86%
6 Ozzy Osbourne Crazy Train
86%
7 Black Sabbath Iron Man
86%
2 Metallica Master of Puppets
83%
5 Black Sabbath War Pigs
83%
4 Judas Priest Breaking the Law
79%
34 Deep Purple Smoke on the Water
79%
3 Motorhead Ace of Spades
76%
43 Evanescence Bring Me to Life
76%
10 Iron Maiden Run to the Hills
76%
37 System of a Down Chop Suey
69%
38 Rage Against the Machine Killing in the Name
69%
29 Pantera Walk
69%
11 Metallica One
66%
8 Slayer Raining Blood
66%
36 Scorpions Rock You Like a Hurricane
62%
1 Black Sabbath Black Sabbath
59%
12 Living Colour Cult of Personality
59%
9 Dio Holy Diver
59%
19 Megadeth Peace Sells
59%
20 Ratt Round and Round
59%
21 Iron Maiden The Trooper
59%
15 Slayer Angel of Death
55%
35 Metallica Fade to Black
55%
39 Metallica For Whom the Bell Tolls
55%
32 Danzig Mother
55%
45 Megadeth Symphony of Destruction
55%
24 Slayer South of Heaven
48%
16 Iron Maiden Hallowed Be Thy Name
45%
18 Led Zeppelin Immigrant Song
45%
25 Dio Rainbow in the Dark
45%
31 Black Sabbath Heaven and Hell
41%
28 Megadeth Holy Wars ... The Punishment Due
38%
23 Motley Crue Shout at the Devil
38%
26 Diamond Head Am I Evil
34%
22 Anthrax Caught in a Mosh
34%
27 Judas Priest Living After Midnight
34%
41 Meshuggah Bleed
31%
14 Rainbow Stargazer
31%
33 Lita Ford Kiss Me Deadly
28%
49 Ministry Just One Fix
21%
44 Kyuss Green Machine
17%
40 Judas Priest Victim of Changes
17%
42 Emperor Curse You All Men
7%
46 Melvins Night Goat
7%
47 Neurosis Locust Star
3%
50 Celtic Frost Procreation (of the Wicked)
3%
48 Queensryche Walk in the Shadows
3%
No matching quizzes found
Score Distribution
Percent of People with Each Score
Percentile by Number Answered
Your Score History
You have not taken this quiz